Primi 15 paesi interessati da Covid-19 - 24 maggio - Statistics

Statistiche generali
  • Questo quiz è stato fatto 4 volte
  • Il punteggio medio è 13 su 25
Statistiche sulle risposte
nazione % Corretto
Cina
100%
Francia
100%
Germania
100%
Italia
100%
Russia
100%
Svizzera
100%
Belgio
75%
Brasile
75%
Canada
75%
Spagna
75%
Stati Uniti
75%
Svezia
75%
India
50%
Irlanda
50%
Regno Unito
50%
Turchia
50%
Iran
25%
Singapore
25%
Arabia Saudita
0%
Bahrain
0%
Bielorussia
0%
Cile
0%
Kuwait
0%
Perù
0%
Qatar
0%
Nessun quiz corrispondente trovato
Distribuzione punteggi
Percentuale di utenti per punteggio
Percentile per numero di risposta
I tuoi punteggi nel tempo
Non hai fatto questo quiz